[Event "Blagny op 6th"]
[Site "Blagny"]
[Date "2014.01.02"]
[Round "2"]
[White "Marini, Franck"]
[Black "Jupin, Francois"]
[Result "1/2-1/2"]
[WhiteElo "1576"]
[BlackElo "1623"]
[PlyCount "64"]
[EventDate "2014.??.??"]
[EventType "swiss"]
[EventRounds "6"]
[EventCountry "FRA"]
[SourceTitle "EXT 2015"]
[Source "ChessBase"]
[SourceDate "2014.11.20"]
[SourceVersion "1"]
[SourceVersionDate "2014.11.20"]
[SourceQuality "1"]

1. d4 d5 2. c4 c6 3. Nf3 Nf6 4. Nc3 a6 5. cxd5 cxd5 6. Bg5 e6 7. e3 Be7 8. Bd3 Nbd7 9. 0-0 b5 10. a3 Bb7 11. Qe2 Rc8 12. Rfc1 h6 13. Bh4 0-0 14. Rc2 Qb6 15. Rac1 Rfe8 16. Na2 Rxc2 17. Rxc2 Ne4 18. Bxe7 Rxe7 19. Rc1 f5 20. Qc2 Ndf6 21. Nd2 Nxd2 22. Qxd2 Rc7 23. Rxc7 Qxc7 24. Qc2 Qxc2 25. Bxc2 Nd7 26. Bd3 Nb6 27. b3 Kf7 28. Kf1 Ke7 29. Ke2 Kd6 30. f4 h5 31. g3 Nd7 32. Nc3 Nb6 1/2-1/2

[Event "FRA-chT4 1011"]
[Site "Champagne Ardennes"]
[Date "2010.11.14"]
[Round "2"]
[White "Jupin, Francois"]
[Black "Sohier, Renaud"]
[Result "0-1"]
[WhiteElo "1780"]
[BlackElo "1945"]
[PlyCount "72"]
[EventDate "2010.10.10"]
[EventType "team-tourn"]
[EventRounds "7"]
[EventCountry "FRA"]
[SourceTitle "EXT 2024"]
[Source "ChessBase"]
[SourceDate "2023.10.10"]
[SourceVersion "1"]
[SourceVersionDate "2023.10.10"]
[SourceQuality "1"]

1. d4 d5 2. Nf3 e6 3. e3 Nd7 4. Bd3 c5 5. b3 cxd4 6. exd4 Bd6 7. Bb2 Ne7 8. 0-0 Ng6 9. g3 0-0 10. Nbd2 b6 11. Qe2 Re8 12. Bxg6 hxg6 13. Ne5 Nxe5 14. dxe5 Bc5 15. Rfd1 Bb7 16. Nf3 Qc8 17. a3 a5 18. Bd4 Bxd4 19. Nxd4 f6 20. f4 Ba6 21. Qf3 Qc5 22. Rd2 Rac8 23. h4 Kf7 24. h5 gxh5 25. Qxh5+ Ke7 26. exf6+ gxf6 27. Qh7+ Kd6 28. Qf7 Qc3 29. Rad1 Qxg3+ 30. Rg2 Qe3+ 31. Rf2 Rg8+ 32. Kh1 Rh8+ 33. Rh2 Rxh2+ 34. Kxh2 Qf2+ 35. Kh3 Rh8+ 36. Kg4 Qg2# 0-1